[Event "Calgary Alberta op"]
[Site "Calgary"]
[Date "2012.10.06"]
[Round "1"]
[White "Neven, Knut G"]
[Black "Dunn, Garth"]
[Result "1-0"]
[WhiteElo "2250"]
[BlackElo "1706"]
[PlyCount "65"]
[EventDate "2012.10.06"]
[EventType "swiss"]
[EventRounds "5"]
[EventCountry "CAN"]
[SourceTitle "EXT 2022"]
[Source "ChessBase"]
[SourceDate "2021.10.06"]
[SourceVersion "1"]
[SourceVersionDate "2021.10.06"]
[SourceQuality "1"]

1. e4 c5 2. Nf3 d6 3. c3 g6 4. d4 cxd4 5. cxd4 Bg7 6. Nc3 a6 7. Bc4 Nc6 8. Be3 e6 9. 0-0 Nge7 10. Qd2 0-0 11. Rac1 Re8 12. Rfd1 d5 13. Be2 f5 14. e5 b5 15. h4 h5 16. Ng5 f4 17. Bxf4 Nf5 18. Nf3 Nxh4 19. Nxh4 Qxh4 20. Bg5 Qxd4 21. Qxd4 Nxd4 22. Rxd4 Bxe5 23. Rdd1 Bd7 24. f4 Bg7 25. Bf3 Ra7 26. b3 Rf8 27. Ne2 Rf5 28. Nd4 Bxd4+ 29. Rxd4 e5 30. Rxd5 exf4 31. Rxf5 Bxf5 32. Bxf4 h4 33. a3 1-0

[Event "Red Deer Battle of Alberta"]
[Site "Red Deer"]
[Date "2011.09.24"]
[Round "1.4"]
[White "Wang, Richard"]
[Black "Neven, Knut G"]
[Result "1-0"]
[WhiteElo "2330"]
[BlackElo "2235"]
[PlyCount "63"]
[EventDate "2011.09.24"]
[EventType "team-match"]
[EventRounds "2"]
[EventCountry "CAN"]
[SourceTitle "EXT 2022"]
[Source "ChessBase"]
[SourceDate "2021.10.06"]
[SourceVersion "1"]
[SourceVersionDate "2021.10.06"]
[SourceQuality "1"]

1. d4 Nf6 2. Nf3 g6 3. Bg5 d5 4. Nbd2 Bg7 5. e3 c5 6. c3 Qb6 7. Qb3 0-0 8. Be2 Nc6 9. 0-0 Be6 10. Bf4 Qxb3 11. axb3 cxd4 12. exd4 Ne4 13. Nxe4 dxe4 14. Nd2 f5 15. b4 a6 16. Nc4 Bxc4 17. Bxc4+ Kh8 18. Bd5 Rac8 19. f3 exf3 20. Bxf3 Bf6 21. Rae1 g5 22. Bxc6 Rxc6 23. d5 Rcc8 24. Be5 f4 25. Bxf6+ exf6 26. Re7 b5 27. d6 Kg8 28. d7 Rcd8 29. Rfe1 h5 30. b3 Rb8 31. Re8 Kf7 32. R1e7+ 1-0

[Event "Calgary 4th"]
[Site "Calgary"]
[Date "2011.05.23"]
[Round "8"]
[White "Hansen, Eric"]
[Black "Neven, Knut G"]
[Result "1-0"]
[WhiteElo "2425"]
[BlackElo "2155"]
[PlyCount "94"]
[EventDate "2011.05.19"]
[EventType "tourn"]
[EventRounds "9"]
[EventCountry "CAN"]
[EventCategory "4"]
[SourceTitle "CBM 142 Extra"]
[Source "ChessBase"]
[SourceDate "2011.06.27"]
[SourceVersion "1"]
[SourceVersionDate "2011.06.27"]
[SourceQuality "1"]

1. e4 e6 2. d4 d5 3. Nd2 a6 4. Ngf3 Nf6 5. Bd3 c5 6. dxc5 Bxc5 7. 0-0 dxe4 8. Nxe4 Nxe4 9. Bxe4 Qxd1 10. Rxd1 Nd7 11. Nd4 Nf6 12. Bf3 0-0 13. Bf4 Re8 14. Nb3 Bb6 15. Be5 Nd7 16. Bd6 Nb8 17. c4 Nc6 18. c5 Bd8 19. Nd2 Nd4 20. Be4 f5 21. Bd3 b5 22. cxb6 Bxb6 23. Nc4 Ba7 24. Bf1 Bb7 25. Be5 Nc6 26. Bc3 Bc5 27. Nd6 Bxd6 28. Rxd6 Rad8 29. Rad1 Kf7 30. Bc4 Rxd6 31. Rxd6 Re7 32. f4 h6 33. h4 g6 34. Kf2 Nb8 35. Rb6 Nc6 36. Bxa6 Bxa6 37. Rxa6 Rc7 38. Ra8 Ne7 39. Rh8 Rc4 40. g3 Nd5 41. Rh7+ Kf8 42. Be5 Rc2+ 43. Kf3 h5 44. a4 Rc4 45. Ra7 Re4 46. a5 Ne3 47. Rc7 Ng4 1-0

[Event "Calgary 4th"]
[Site "Calgary"]
[Date "2011.05.22"]
[Round "6"]
[White "Porper, Edward"]
[Black "Neven, Knut G"]
[Result "1-0"]
[WhiteElo "2446"]
[BlackElo "2155"]
[PlyCount "75"]
[EventDate "2011.05.19"]
[EventType "tourn"]
[EventRounds "9"]
[EventCountry "CAN"]
[EventCategory "4"]
[SourceTitle "CBM 142 Extra"]
[Source "ChessBase"]
[SourceDate "2011.06.27"]
[SourceVersion "1"]
[SourceVersionDate "2011.06.27"]
[SourceQuality "1"]

1. d4 Nf6 2. c4 g6 3. Nc3 d5 4. e3 Bg7 5. cxd5 Nxd5 6. Nxd5 Qxd5 7. Ne2 0-0 8. Nc3 Qd8 9. Be2 c5 10. d5 b6 11. 0-0 Bb7 12. e4 Nd7 13. Bg5 Nf6 14. Bc4 Ne8 15. Re1 f6 16. Bf4 a6 17. a4 Nd6 18. Bf1 Bc8 19. Rb1 a5 20. Qd2 Ba6 21. Bxa6 Rxa6 22. h4 Ra7 23. Qe2 Qd7 24. Rbd1 Rb7 25. Rd3 Nf7 26. h5 g5 27. Bh2 Ne5 28. Bxe5 fxe5 29. Rg3 h6 30. Qb5 Qxb5 31. Nxb5 Rf6 32. Ree3 Bf8 33. Rgf3 Kf7 34. Rxf6+ exf6 35. Rf3 Rd7 36. Na3 Be7 37. Nc4 Bd8 38. Nxe5+ 1-0

[Event "Calgary Schleinich Memorial"]
[Site "Calgary"]
[Date "2011.01.07"]
[Round "1"]
[White "Neven, Knut G"]
[Black "Yearwood, Roy"]
[Result "1-0"]
[WhiteElo "2248"]
[BlackElo "2201"]
[PlyCount "99"]
[EventDate "2011.01.07"]
[EventType "tourn"]
[EventRounds "5"]
[EventCountry "CAN"]
[SourceTitle "EXT 2022"]
[Source "ChessBase"]
[SourceDate "2021.10.06"]
[SourceVersion "1"]
[SourceVersionDate "2021.10.06"]
[SourceQuality "1"]

1. e4 g6 2. d4 Bg7 3. Nf3 c6 4. Nc3 d5 5. h3 Nf6 6. Bd3 dxe4 7. Nxe4 Bf5 8. Nxf6+ Bxf6 9. 0-0 Bxd3 10. Qxd3 Nd7 11. Bh6 Qa5 12. Rfe1 Qf5 13. Qe2 0-0-0 14. g4 Qd5 15. g5 Rhe8 16. gxf6 exf6 17. Be3 Qh5 18. Nd2 Qxh3 19. Qf3 Qe6 20. c4 Nb6 21. Rac1 h5 22. d5 Qg4+ 23. Kf1 Qxf3 24. Nxf3 Re4 25. dxc6 Nxc4 26. cxb7+ Kxb7 27. Rc3 g5 28. Rec1 Rc8 29. b3 Nxe3+ 30. fxe3 Rxc3 31. Rxc3 g4 32. Nd2 Re5 33. Nc4 Re6 34. Kf2 Ka6 35. Rd3 h4 36. Rd4 f5 37. Rf4 g3+ 38. Kg2 Rh6 39. Rf1 f4 40. exf4 Re6 41. Kh3 Re2 42. Kxh4 Rxa2 43. Kxg3 f6 44. Kg4 Kb5 45. Rf3 Kb4 46. Kf5 Ra6 47. Nd2 Rc6 48. Ne4 a5 49. Nxf6 Rc3 50. Nd5+ 1-0

[Event "Calgary Alberta op"]
[Site "Calgary"]
[Date "2010.10.10"]
[Round "3.5"]
[White "Neven, Knut G"]
[Black "Ebrahim Shirazi, Behrooz"]
[Result "1-0"]
[WhiteElo "2244"]
[BlackElo "2075"]
[PlyCount "109"]
[EventDate "2010.10.09"]
[EventType "swiss"]
[EventRounds "6"]
[EventCountry "CAN"]
[SourceTitle "EXT 2022"]
[Source "ChessBase"]
[SourceDate "2021.10.06"]
[SourceVersion "1"]
[SourceVersionDate "2021.10.06"]
[SourceQuality "1"]

1. e4 e6 2. d4 d5 3. Nc3 Bb4 4. exd5 exd5 5. Bd3 Nc6 6. a3 Bxc3+ 7. bxc3 Nge7 8. Qf3 Be6 9. Ne2 Qd7 10. h3 0-0-0 11. Rb1 h5 12. Nf4 Bg4 13. Qg3 Nf5 14. Bxf5 Bxf5 15. Nd3 h4 16. Qh2 Bxd3 17. cxd3 Qf5 18. 0-0 Qxd3 19. Bf4 Qf5 20. Bxc7 Rd7 21. Bf4 g5 22. Be3 Rg8 23. g4 Qd3 24. Rfd1 Qe4 25. c4 f5 26. cxd5 Qxd5 27. Qg2 f4 28. Qxd5 Rxd5 29. Bc1 Re8 30. Bb2 Re2 31. Re1 Rd2 32. Red1 Re2 33. Re1 Rxe1+ 34. Rxe1 Nxd4 35. Bxd4 Rxd4 36. Re5 Rd3 37. Rxg5 Rxh3 38. Rf5 Rxa3 39. g5 Ra6 40. Rxf4 Rg6 41. Rf8+ Kc7 42. f4 b5 43. Rf7+ Kb8 44. Rf5 b4 45. Rb5+ Kc7 46. Rxb4 a5 47. Rb5 Ra6 48. f5 a4 49. g6 a3 50. Rb1 Ra4 51. Kh2 Rg4 52. Kh3 Rg5 53. Kxh4 Rxf5 54. g7 Rf4+ 55. Kg3 1-0

[Event "Calgary Alberta op"]
[Site "Calgary"]
[Date "2010.10.10"]
[Round "4.1"]
[White "Porper, Edward"]
[Black "Neven, Knut G"]
[Result "1-0"]
[WhiteElo "2523"]
[BlackElo "2244"]
[PlyCount "113"]
[EventDate "2010.10.09"]
[EventType "swiss"]
[EventRounds "6"]
[EventCountry "CAN"]
[SourceTitle "EXT 2022"]
[Source "ChessBase"]
[SourceDate "2021.10.06"]
[SourceVersion "1"]
[SourceVersionDate "2021.10.06"]
[SourceQuality "1"]

1. d4 Nf6 2. Bg5 g6 3. Bxf6 exf6 4. e3 d5 5. Bd3 Bd6 6. Nd2 c6 7. Ne2 0-0 8. c4 b6 9. Qc2 Bb7 10. c5 Be7 11. Nb3 Nd7 12. 0-0 f5 13. a4 bxc5 14. Nxc5 Nxc5 15. dxc5 a5 16. Ra3 Bf6 17. Rb3 Ba6 18. Rb6 Qc8 19. Nd4 Bxd4 20. exd4 Bxd3 21. Qxd3 Rb8 22. Qc3 Rxb6 23. cxb6 Qb7 24. Qxa5 Rb8 25. Rb1 Qxb6 26. Qxb6 Rxb6 27. b4 Kf8 28. Kf1 Ke7 29. Ke2 Kd6 30. Kd3 Rb8 31. Rb2 Ra8 32. a5 Kd7 33. Re2 Kd6 34. Kc3 Kd7 35. Kb3 Kd6 36. Ka4 f4 37. h4 h6 38. f3 f6 39. Re1 Kd7 40. b5 cxb5+ 41. Kxb5 Kd6 42. a6 Rb8+ 43. Ka5 Rb2 44. a7 Ra2+ 45. Kb6 Rb2+ 46. Ka6 Ra2+ 47. Kb7 Rb2+ 48. Ka8 g5 49. h5 Rxg2 50. Rb1 Kc7 51. Rb7+ Kc8 52. Rb5 g4 53. Rc5+ Kd7 54. Kb7 Ra2 55. fxg4 f3 56. a8Q Rxa8 57. Kxa8 1-0

[Event "Calgary op"]
[Site "Calgary"]
[Date "2010.05.24"]
[Round "8"]
[White "Neven, Knut G"]
[Black "Hansen, Eric"]
[Result "0-1"]
[WhiteElo "2180"]
[BlackElo "2410"]
[PlyCount "82"]
[EventDate "2010.05.20"]
[EventType "swiss"]
[EventRounds "9"]
[EventCountry "CAN"]
[SourceTitle "CBM 136 Extra"]
[Source "ChessBase"]
[SourceDate "2010.07.02"]
[SourceVersion "2"]
[SourceVersionDate "2010.07.15"]
[SourceQuality "1"]

1. e4 c5 2. Nf3 d6 3. d4 cxd4 4. Nxd4 Nf6 5. Nc3 a6 6. Bg5 Nbd7 7. f4 Qc7 8. Qf3 h6 9. Bxf6 Nxf6 10. f5 Qc5 11. 0-0-0 g5 12. Nb3 Qe5 13. Bc4 Bg7 14. g4 h5 15. gxh5 Rxh5 16. h4 gxh4 17. Qg2 Qg3 18. Qe2 Rg5 19. Rd3 Qf4+ 20. Kb1 Bd7 21. Bd5 Rb8 22. Rf1 Qg4 23. Qe3 Nxd5 24. Nxd5 Bc6 25. f6 Bxf6 26. Nxf6+ exf6 27. Rxf6 Qg1+ 28. Nc1 Qxe3 29. Rxe3 Rh5 30. Rf2 Ke7 31. Ne2 Rg8 32. Kc1 Rg4 33. Nf4 Re5 34. Kd2 Rxe4 35. Rxe4+ Bxe4 36. Ke3 f5 37. Rh2 Kf6 38. a4 Rg3+ 39. Ke2 Kg5 40. Nh3+ Kh5 41. Nf2 Bxc2 0-1

[Event "LSS WC-2010-T-00005"]
[Site "LSS email"]
[Date "2009.06.12"]
[Round "?"]
[White "Brunsteins, Daniel Bernardo"]
[Black "Neven, Knut G"]
[Result "1-0"]
[WhiteElo "2416"]
[BlackElo "2359"]
[PlyCount "65"]
[EventDate "2009.06.17"]
[EventType "tourn (corr)"]
[EventRounds "12"]
[EventCountry "GER"]
[SourceTitle "Corr 2013"]
[Source "ChessBase"]
[SourceDate "2012.11.12"]
[SourceVersion "1"]
[SourceVersionDate "2012.11.12"]
[SourceQuality "1"]
[WhiteTeam "US of America"]
[BlackTeam "US of America"]
[WhiteTeamCountry "USA"]
[BlackTeamCountry "USA"]

1. d4 Nf6 2. c4 g6 3. Nc3 d5 4. Nf3 Bg7 5. Qb3 dxc4 6. Qxc4 0-0 7. e4 Bg4 8. Be3 Nfd7 9. 0-0-0 c6 10. h3 Bxf3 11. gxf3 b5 12. Qd3 Qa5 13. Qc2 Na6 14. Kb1 Nb6 15. e5 Rab8 16. Ne4 Rfc8 17. Bd2 b4 18. Rc1 Nc7 19. Nc5 Nb5 20. Nb3 Qa4 21. h4 Nd5 22. Bxb5 Qxb5 23. h5 c5 24. dxc5 e6 25. f4 a5 26. Nd4 Qa6 27. hxg6 hxg6 28. c6 a4 29. Rh3 Qb6 30. Qc4 Rc7 31. Rd3 Kf8 32. f5 gxf5 33. f4 1-0

[Event "Calgary CICC op"]
[Site "Calgary"]
[Date "2009.05.17"]
[Round "6"]
[White "Donaldson, John W"]
[Black "Neven, Knut G"]
[Result "1-0"]
[WhiteElo "2409"]
[BlackElo "2199"]
[PlyCount "77"]
[EventDate "2009.05.14"]
[EventType "swiss"]
[EventRounds "9"]
[EventCountry "CAN"]
[SourceTitle "CBM 130 Extra"]
[Source "ChessBase"]
[SourceDate "2009.07.02"]
[SourceVersion "2"]
[SourceVersionDate "2009.07.15"]
[SourceQuality "1"]

1. g3 Nf6 2. Bg2 g6 3. e4 e5 4. c4 Nc6 5. Ne2 d6 6. Nbc3 Bg7 7. d3 0-0 8. 0-0 Nd4 9. Nxd4 exd4 10. Ne2 c5 11. Rb1 Bd7 12. b4 Rb8 13. bxc5 dxc5 14. Bf4 Rc8 15. Rxb7 Qa5 16. Qd2 Qa4 17. Rfb1 Bc6 18. R7b3 Ba8 19. Qb2 Qd7 20. Qa3 Nh5 21. Bb8 f5 22. Qxa7 Qxa7 23. Bxa7 fxe4 24. dxe4 Nf6 25. f3 Nd7 26. Nf4 Bh6 27. Nd3 Be3+ 28. Kh1 Rf6 29. Ra3 Kg7 30. f4 Bd2 31. e5 Bxg2+ 32. Kxg2 Rfc6 33. Rb7 R8c7 34. Rxc7 Rxc7 35. Ra6 Rb7 36. e6 Nb8 37. Bxb8 Rxb8 38. Ra7+ Kf6 39. Nxc5 1-0

[Event "Calgary CICC op"]
[Site "Calgary"]
[Date "2009.05.15"]
[Round "3"]
[White "Me, Kevin"]
[Black "Neven, Knut G"]
[Result "1-0"]
[WhiteElo "2116"]
[BlackElo "2199"]
[PlyCount "93"]
[EventDate "2009.05.14"]
[EventType "swiss"]
[EventRounds "9"]
[EventCountry "CAN"]
[SourceTitle "CBM 130 Extra"]
[Source "ChessBase"]
[SourceDate "2009.07.02"]
[SourceVersion "2"]
[SourceVersionDate "2009.07.15"]
[SourceQuality "1"]

1. e4 e6 2. d4 d5 3. exd5 exd5 4. Bd3 Bd6 5. Qf3 c6 6. Ne2 Qf6 7. Qxf6 Nxf6 8. 0-0 Bg4 9. f3 Bh5 10. Bf4 Bxf4 11. Nxf4 0-0 12. Nd2 Nbd7 13. Rae1 Rfe8 14. Nb3 Bg6 15. Bxg6 hxg6 16. Kf2 b6 17. c3 a5 18. a4 g5 19. Nd3 g4 20. Ne5 gxf3 21. gxf3 Nxe5 22. dxe5 Nd7 23. f4 Nc5 24. Nxc5 bxc5 25. Kf3 Rab8 26. Rf2 Rb3 27. Kg4 g6 28. h4 Kg7 29. h5 d4 30. hxg6 fxg6 31. cxd4 cxd4 32. Rc1 Rc8 33. Rc5 Rc7 34. Rd2 d3 35. Kf3 Kf8 36. Rxa5 c5 37. Ra6 c4 38. Rxg6 Rbb7 39. f5 Rg7 40. Rc6 Rbc7 41. Rxc7 Rxc7 42. Rh2 Rc5 43. Ke4 Ra5 44. f6 Kf7 45. Kf5 Rd5 46. Rh7+ Kg8 47. Kg6 1-0

[Event "Calgary op"]
[Site "Calgary"]
[Date "2008.05.17"]
[Round "3"]
[White "Neven, Knut G"]
[Black "Zugic, Igor"]
[Result "0-1"]
[WhiteElo "2196"]
[BlackElo "2472"]
[PlyCount "106"]
[EventDate "2008.05.16"]
[EventType "swiss"]
[EventRounds "7"]
[EventCountry "CAN"]
[SourceTitle "EXT 2011"]
[Source "ChessBase"]
[SourceDate "2010.11.26"]
[SourceVersion "1"]
[SourceVersionDate "2010.11.26"]
[SourceQuality "1"]

1. e4 c5 2. Nf3 d6 3. Bb5+ Nc6 4. h3 Bd7 5. 0-0 a6 6. Bxc6 Bxc6 7. Re1 Nf6 8. d4 cxd4 9. Qxd4 e5 10. Qd3 h6 11. c4 b5 12. Nc3 bxc4 13. Qxc4 Qd7 14. Be3 Be7 15. Rad1 Qb7 16. Nd2 0-0 17. f3 Rfc8 18. Qb3 d5 19. Qxb7 Bxb7 20. exd5 Nxd5 21. Nxd5 Bxd5 22. Nb3 Bxb3 23. axb3 Bf8 24. Bd2 f6 25. b4 Rab8 26. Ra1 Rc2 27. Bc3 Bxb4 28. Rec1 Rxc1+ 29. Rxc1 Bxc3 30. bxc3 Kf7 31. Ra1 Rb6 32. Kf2 Ke6 33. Ke3 Rc6 34. Kd3 h5 35. h4 Kf5 36. Ra4 Rb6 37. Kc2 Rd6 38. g4+ hxg4 39. fxg4+ Ke6 40. h5 f5 41. gxf5+ Kxf5 42. Ra1 e4 43. Rf1+ Kg4 44. Rg1+ Kf3 45. Rxg7 e3 46. Rg6 e2 47. Rxd6 e1Q 48. Rd4 Qe5 49. Rd3+ Kg4 50. c4 Qxh5 51. Kb3 Qa5 52. Rd5 Qb6+ 53. Ka4 Kf4 0-1

[Event "Calgary op"]
[Site "Calgary"]
[Date "2008.05.16"]
[Round "1"]
[White "Neven, Knut G"]
[Black "Kaminski, Thomas"]
[Result "1/2-1/2"]
[WhiteElo "2196"]
[BlackElo "2006"]
[PlyCount "58"]
[EventDate "2008.05.16"]
[EventType "swiss"]
[EventRounds "7"]
[EventCountry "CAN"]
[SourceTitle "EXT 2011"]
[Source "ChessBase"]
[SourceDate "2010.11.26"]
[SourceVersion "1"]
[SourceVersionDate "2010.11.26"]
[SourceQuality "1"]

1. d4 d5 2. c4 e6 3. Nc3 Nf6 4. Bg5 Be7 5. Nf3 0-0 6. e3 c6 7. Bd3 dxc4 8. Bxc4 Nbd7 9. 0-0 b5 10. Bb3 a6 11. Qe2 Bb7 12. Rfd1 h6 13. Bh4 Nd5 14. Bxe7 Qxe7 15. Rac1 Nxc3 16. Rxc3 c5 17. dxc5 Nxc5 18. Rdc1 Rac8 19. Nd2 Rfd8 20. f3 Qd6 21. Nf1 Nxb3 22. axb3 Rxc3 23. Rxc3 b4 24. Rc2 Qd3 25. Qxd3 Rxd3 26. e4 a5 27. Rc7 Ba6 28. Ra7 Rd6 29. Ne3 h5 1/2-1/2

[Event "LSS WC-2009-T-00003"]
[Site "LSS email"]
[Date "2008.04.15"]
[Round "?"]
[White "Bubir, Alex Nikolaevich"]
[Black "Neven, Knut G"]
[Result "1-0"]
[WhiteElo "2464"]
[BlackElo "2361"]
[PlyCount "85"]
[EventDate "2008.04.15"]
[EventType "tourn (corr)"]
[EventRounds "12"]
[EventCountry "GER"]
[SourceTitle "Corr 2013"]
[Source "ChessBase"]
[SourceDate "2012.11.12"]
[SourceVersion "1"]
[SourceVersionDate "2012.11.12"]
[SourceQuality "1"]
[WhiteTeam "US of America"]
[BlackTeam "US of America"]
[WhiteTeamCountry "USA"]
[BlackTeamCountry "USA"]

1. e4 e6 2. d4 d5 3. Nc3 Bb4 4. e5 c5 5. a3 Bxc3+ 6. bxc3 Ne7 7. Qg4 Qc7 8. Qxg7 Rg8 9. Qxh7 cxd4 10. Ne2 dxc3 11. f4 Bd7 12. Qd3 Nbc6 13. Qxc3 0-0-0 14. Rg1 Kb8 15. g4 d4 16. Qb2 Nd5 17. Rg3 Nb6 18. h3 Be8 19. Rb1 Na4 20. Qa1 Nc5 21. Bg2 b6 22. a4 d3 23. cxd3 Nxd3+ 24. Kf1 Ncb4 25. a5 Qc2 26. Be3 Bc6 27. axb6 a6 28. Nc3 Rc8 29. b7 Bxb7 30. Bxb7 Kxb7 31. Ne4 Ka8 32. Rg2 Qc4 33. Nd6 Qd5 34. Qd4 Rc7 35. Rg3 Rb8 36. Qxd5+ Nxd5 37. Rxb8+ Kxb8 38. h4 Nxe3+ 39. Rxe3 Rc1+ 40. Kg2 Nxf4+ 41. Kg3 Nd5 42. Rb3+ Kc7 43. h5 1-0

[Event "IECG WC Cand email"]
[Site "IECG email"]
[Date "2008.04.15"]
[Round "?"]
[White "Neven, Knut G"]
[Black "Schuster, Peter"]
[Result "1/2-1/2"]
[WhiteElo "2361"]
[BlackElo "2409"]
[PlyCount "118"]
[EventDate "2008.02.15"]
[EventType "tourn (corr)"]
[EventRounds "6"]
[SourceTitle "Corr 2011"]
[Source "ChessBase"]
[SourceDate "2010.08.31"]
[SourceVersion "1"]
[SourceVersionDate "2010.08.31"]
[SourceQuality "1"]

1. d4 Nf6 2. c4 e6 3. Nc3 Bb4 4. Qc2 c5 5. dxc5 0-0 6. a3 Bxc5 7. Nf3 h6 8. Bf4 Nc6 9. Rd1 a6 10. e4 Nh5 11. Bc1 Qc7 12. g3 Nf6 13. Bg2 Ng4 14. 0-0 d6 15. b4 Ba7 16. Na4 Nce5 17. c5 b5 18. Bb2 bxa4 19. Rxd6 f6 20. Nd4 Rb8 21. h3 a5 22. hxg4 axb4 23. axb4 Rxb4 24. Nxe6 Bxe6 25. Rxe6 Qc8 26. Bxe5 Qxe6 27. Bd6 Rd8 28. e5 fxe5 29. Qc3 Rc4 30. Qa5 Rd7 31. Qb5 e4 32. g5 Rd4 33. g6 Qf5 34. Qc6 Rd8 35. Qc7 Qd7 36. Qxd7 Rxd7 37. Bh3 R4xd6 38. cxd6 Rxd6 39. Rc1 Bb6 40. Rc8+ Rd8 41. Rc6 e3 42. Kf1 Rb8 43. fxe3 Kf8 44. Ke2 a3 45. Be6 Bd8 46. Bc4 Rb4 47. Kd3 Ra4 48. Ba2 Ke7 49. e4 Kd7 50. Re6 Be7 51. Rb6 Ra5 52. g4 Kc7 53. Re6 Bd6 54. Rf6 Be5 55. Re6 Rc5 56. Ra6 Rc3+ 57. Kd2 Rg3 58. Be6 Kb7 59. Ra4 Kc6 1/2-1/2

[Event "IECG WC.2008.T.00001 email"]
[Site "IECG email"]
[Date "2007.02.02"]
[Round "?"]
[White "De Silva, Dinesh"]
[Black "Neven, Knut G"]
[Result "1/2-1/2"]
[WhiteElo "2442"]
[BlackElo "2369"]
[PlyCount "39"]
[EventDate "2007.02.02"]
[EventType "tourn (corr)"]
[EventRounds "10"]
[SourceTitle "Corr 2011"]
[Source "ChessBase"]
[SourceDate "2010.08.31"]
[SourceVersion "1"]
[SourceVersionDate "2010.08.31"]
[SourceQuality "1"]

1. e4 e6 2. d4 d5 3. Nc3 Bb4 4. e5 c5 5. a3 Bxc3+ 6. bxc3 Ne7 7. Qg4 Qc7 8. Qxg7 Rg8 9. Qxh7 cxd4 10. Ne2 dxc3 11. f4 b6 12. Ng3 Qc5 13. Nh5 Rf8 14. Nf6+ Kd8 15. Bd3 Nd7 16. Qh4 Nxf6 17. Qxf6 Kc7 18. a4 Nf5 19. g4 Ne3 20. Ba3 1/2-1/2